Pokémon used by Team Rocket Admins and Bosses. - Statistics

General Stats
  • This quiz has been taken 279 times
    224 since last reset
  • The average score is 25 of 36
Answer Stats
Admin Pokémon % Correct
Jessie&James, Y Weezing
93%
Petrel, GSC/HGSS Koffing
92%
Proton, HGSS Koffing
92%
Archer, GSC/HGSS Koffing
92%
Jessie&James, Y Koffing
92%
Jessie&James, Y Arbok
91%
Petrel, GSC/HGSS Weezing
91%
Proton, HGSS Weezing
91%
Archer, FRLG Weezing
91%
Ariana, GSC/HGSS Arbok
90%
Jessie&James, Y Ekans
90%
Giovanni, Y Persian
86%
Jessie&James, Y Meowth
85%
Giovanni, HGSS Nidoking
85%
Giovanni, RBG Nidoqueen
84%
Giovanni, RBG Rhyhorn
78%
Proton, GSC/HGSS Golbat
77%
Archer, FRLG Golbat
77%
Petrel, GSC/HGSS Zubat
73%
Proton, HGSS Zubat
73%
Giovanni, USUM Dugtrio
67%
Ariana, FRLG Muk
64%
Giovanni, USUM Mewtwo
62%
Archer, GSC/HGSS Houndoom
56%
Petrel, GSC/HGSS Raticate
55%
Archer, GSC/ HGSS Houndour
53%
Giovanni, RBG Kangaskhan
53%
Giovanni, USUM Rhyperior
50%
Giovanni, RBG Nidorino
49%
Ariana, GSC/HGSS Vileplume
48%
Ariana, GSC/HGSS Gloom
44%
Ariana, GSC/HGSS Murkrow
44%
Giovanni, RBG Onix
42%
Giovanni, HGSS Honchkrow
36%
Archer, LGPE Electrode
23%
Archer, LGPE Magmar
17%
No matching quizzes found
Score Distribution
Percent of People with Each Score
Percentile by Number Answered
Your Score History
You have not taken this quiz since the last reset